<?xml version="1.0" encoding="UTF-8"?>
<collection xmlns="http://www.loc.gov/MARC21/slim">
 <record>
  <leader>01023nam  2200277#c 4500</leader>
  <controlfield tag="001">UMA-11660</controlfield>
  <controlfield tag="003">UMA</controlfield>
  <controlfield tag="005">20230415    193714</controlfield>
  <controlfield tag="008">080221suuuu####gw###########||||#0#spa#d</controlfield>
  <datafield tag="336" ind1=" " ind2=" ">
   <subfield code="a">texto</subfield>
  </datafield>
  <datafield tag="337" ind1=" " ind2=" ">
   <subfield code="a">no mediado</subfield>
  </datafield>
  <datafield tag="338" ind1=" " ind2=" ">
   <subfield code="a">volumen</subfield>
  </datafield>
  <datafield tag="901" ind1=" " ind2=" ">
   <subfield code="a">CD 9</subfield>
  </datafield>
  <datafield tag="080" ind1=" " ind2=" ">
   <subfield code="a">781.68</subfield>
  </datafield>
  <datafield tag="092" ind1=" " ind2=" ">
   <subfield code="a">CD 9</subfield>
  </datafield>
  <datafield tag="245" ind1=" " ind2=" ">
   <subfield code="a">Piano sonatas no. 9, 10, 12</subfield>
   <subfield code="b">Klaviersonaten : sonatas pour piano</subfield>
   <subfield code="c">Ludwig Van Beethoven</subfield>
  </datafield>
  <datafield tag="100" ind1=" " ind2=" ">
   <subfield code="a">Beethoven</subfield>
   <subfield code="b">Ludwig Van</subfield>
  </datafield>
  <datafield tag="650" ind1=" " ind2=" ">
   <subfield code="a">Arte</subfield>
  </datafield>
  <datafield tag="650" ind1=" " ind2=" ">
   <subfield code="a">Música</subfield>
  </datafield>
  <datafield tag="650" ind1=" " ind2=" ">
   <subfield code="a">Música clásica</subfield>
  </datafield>
  <datafield tag="650" ind1=" " ind2=" ">
   <subfield code="a">Sonatas</subfield>
  </datafield>
  <datafield tag="044" ind1=" " ind2=" ">
   <subfield code="a">gw#</subfield>
  </datafield>
  <datafield tag="500" ind1=" " ind2=" ">
   <subfield code="a">Contiene: Sonate no. 9 in F major, op. 14, no. 1: 1. Allegro 2. Allegretto Maggiare 3. Rondo: Allegro commodo; Sonata no. 10 in G major, op. 14 no. 2: 4. Allegro 5. Andante 6. Scherzo: Allegro assai; Sonata no. 12 in A flat major, op. 26: 7. Andante con variviari 8. Scherzo: Allegro molto 9. Marca lunchre 10. Allegro 11. Allegro molto</subfield>
  </datafield>
  <datafield tag="440" ind1=" " ind2=" ">
   <subfield code="a">Allegro</subfield>
   <subfield code="n">21005</subfield>
  </datafield>
  <datafield tag="300" ind1=" " ind2=" ">
   <subfield code="a">1 disco son. (57.23 min.) : digital</subfield>
  </datafield>
  <datafield tag="260" ind1=" " ind2=" ">
   <subfield code="a">Germany</subfield>
   <subfield code="b">Gema</subfield>
   <subfield code="c">[s.f.]</subfield>
  </datafield>
 </record>
</collection>
